000 00698nam a2200229 a 4500
005 20241114063740.0
008 021010s2000 es r 000 0 spa d
020 _a8478692932
035 _aUPN01000120055
049 _aCG
050 4 _aRA785
_bR3.2 2000
100 1 _aRamírez Cabañas, J. F. J.
245 1 0 _aCurso de relajación progresiva para niños y adultos /
_cJ. F. J. Ramírez Cabañas.
250 _a2a ed.
260 _aMadrid :
_bCEPE,
_c2000.
300 _a144 p. :
_bil. +
_e1 casete sonoro (60 min.)
440 0 _aPsicomotricidad y educación ;
_v6
650 4 _aRELAJACION
_98496
650 2 _aEstrés (psicología)
_96597
650 4 _aSalud mental
_922888
905 _aLibro
999 _c92405
_d92405